| 000 | 00516nam a2200169Ia 4500 | ||
|---|---|---|---|
| 003 | OSt | ||
| 005 | 20200610110605.0 | ||
| 008 | 190216s9999||||xx |||||||||||||| ||und|| | ||
| 020 | _a9781851683987 | ||
| 040 | _coclc | ||
| 082 |
_a297.5693 _bFOL/A |
||
| 100 |
_aFoltz, Richard C _92727 |
||
| 245 | 0 |
_aAnimals In Islamic Tradition And Muslim Cultures / _cRichard C Foltz |
|
| 260 |
_bOneworld Oxford, _c2007. _aEngland: |
||
| 300 | _a192p | ||
| 942 |
_cBK _2ddc _h297.5693 _iFOL/A _k297.5693 _mFOL/A |
||
| 999 |
_c21774 _d21774 |
||